Monologue des larmes dans la pluie - Blade Runner - Statistiques

Statistiques générales
  • Ce quiz a été pris 20 fois
  • Le résultat moyen est 32 sur 55
Statistiques - réponses
Réponse % Correct
de
100%
De
100%
de
100%
de
100%
de
100%
de
100%
C,
94%
des
94%
des
94%
des
94%
est
83%
la
83%
la
83%
J’ai
78%
J’ai
78%
larmes
78%
comme
72%
pluie.
72%
que
72%
vu
72%
vu
72%
dans
67%
dans
67%
dans
67%
Il
67%
vous,
67%
ces
61%
choses
61%
se
61%
temps
56%
en
50%
moments
50%
mourir.
50%
ne
50%
humains,
44%
pas
44%
porte
44%
tant
44%
croire.
39%
feu
39%
pourriez
39%
perdront
33%
rayons
33%
rayons
33%
Tout
33%
d’Orion.
28%
l’épaule
28%
navires
28%
Tannhäuser.
28%
grands
22%
l’oubli
17%
briller
11%
surgissant
6%
fabuleux,
0%
l’ombre
0%
Aucun quiz correspondant
Distribution des résultats
% des personnes avec chaque résultat
Percentile par nombre de réponses
Votre historique - résultats
Vous n’avez pas pris ce quiz